Miasta i terytoria o takiej samej fladze, co Polska - Statystyki

Ogólne statystyki
  • Ten quiz został rozwiązany 192 razy
  • Średni wynik to 3 z 8
Statystyki odpowiedzi
Państwo Wskazówka Odpowiedź % Poprawnych
Słowacja Stolica Kraju Bratysława
92%
Austria Duże miasto przy granicy z Niemcami Salzburg
67%
Austria Kraj związkowy będący częścią regionu dzielonego z Włochami Tyrol
60%
Niemcy Najbardziej wysunięty na zachód kraj związkowy dawnego NRD Turyngia
34%
Austria Pierwszy kraj związkowy, przez który przepływa Dunaj Górna Austria
27%
Włochy Miasto w Toskanii, w sąsiedztwie Pizy Lukka
18%
Hiszpania Wspólnota autonomiczna na północy, z siedzibą w Santander Kantabria
16%
Słowenia Czwarte największe miasto kraju, niedaleko Lublany Kranj
14%
Nie znaleziono quizów pasujących do podanych kryteriów
Rozkład punktacji
Procent ludzi z każdym wynikiem
Percentyl według liczby udzielonych odpowiedzi
Twoja historia wyników
Nie rozwiązałeś tego quizu